00195nam a2200073Ia 4500008004100000100002400041245003100065260002500096170524s9999 xx 000 0 und d aPANT- NAVIN CHANDRA 0aMUDRAN KE TAKNIKI SIDDHANT bTAKSHILA : NEW DELHI